000159155 001__ 159155 000159155 005__ 20250520134901.0 000159155 037__ $$aGDOC-2024-30401 000159155 041__ $$aspa 000159155 041__ $$aeng 000159155 100__ $$0(orcid)0000-0003-4894-8768$$1433635$$aElisa Pilar Martínez, Salazar 000159155 24500 $$930401$$aComunicación oral y escrita en lengua alemana I 000159155 24200 $$930401$$aOral and written communication in German I 000159155 260__ $$aZaragoza$$bUniversidad de Zaragoza$$c2024-2025 000159155 521__ $$9153$$aGrado en Lenguas Modernas$$bDegree in Modern Languages 000159155 540__ $$aby-nc-sa$$bCreative Commons$$c3.0$$uhttp://creativecommons.org/licenses/by-nc-sa/3.0/ 000159155 830__ $$9455 000159155 8564_ $$s4681$$uhttps://zaguan.unizar.es/record/159155/files/guia-30401-en.pdf$$yGuide (english) 000159155 8564_ $$s7969$$uhttps://zaguan.unizar.es/record/159155/files/guia-30401-es.pdf$$yGuía (idioma español) 000159155 970__ $$aGDOC-2024-30401 000159155 980__ $$aGDOC$$bArts and Humanities$$bArtes y Humanidades$$c103